| 000 | 00628nam a2200229Ia 4500 | ||
|---|---|---|---|
| 005 | 20260320201829.0 | ||
| 008 | 008 262003s9999 xx 000 0 eng d | ||
| 037 | _aEBOOK | ||
| 040 | _aCRL | ||
| 040 | _beng | ||
| 040 | _cCRL | ||
| 041 | _2eng | ||
| 041 | _aeng | ||
| 084 | _qCRL | ||
| 100 | _aChristensen | ||
| 245 | 0 | _aData-Centric Machine Learning with Python: The ultimate guide to engineering and deploying high-quality models based on good data | |
| 260 | _bIEEE | ||
| 856 | _uhttps://ieeexplore.ieee.org/servlet/opac?bknumber=10460906 | ||
| 942 | _cEBOOK | ||
| 999 |
_c1723774 _d1723774 |
||